Statistics for Opera Houses of the World

Click here to take the quiz!

General Stats

  • This quiz has been taken 14 times
  • The average score is 7 of 13

Answer Stats

Answer% Correct
Sydney
100%
London
90%
Vienna
90%
New York
80%
Paris
80%
Amsterdam
60%
Chicago
50%
Valencia
40%
Zurich
40%
Hamburg
30%
Monaco
20%
Singapore
20%
Budapest
10%

Score Distribution

Percentile by Number Answered

Percent of People with Each Score

Your Score History

You have not taken this quiz